000 01076nam a2200277Ia 4500
003 OSt
005 20221005110320.0
006 a|||||r|||| 00| 0
007 ta
008 221004b |||||||| |||| 00| 0 hin d
020 _a9788172238759 (pbk)
_cIndian Rupees 350
024 _a38874
037 _bGift, 29/08/2018,
_cTextual
040 _aCRL
_cCRL
_bhin
041 _2hin
_ahin
082 _aO152,1N35x, P9
100 _aजैन, इन्दु, ले.
245 0 _aहवा की मोहताज क्यों रहूॅं
_b कविताएॅं
246 _aHavā kī mohatāj kyoan rahūॅan: kavitāeॅan
260 _aनई दिल्ली
_bहार्पर कॉलिंस पब्लिशर्स इंडिया भारत
_c2009
300 _a263पृ0
_ccm.
650 _a हिन्दी साहित्य
650 _aहिन्दी कविता
942 _hO152,1N35x, P9
_cTEXL
_2cc
999 _c1018425
_d1018425